| 000 | 00852nam a22002177a 4500 | ||
|---|---|---|---|
| 999 |
_c145874 _d145874 |
||
| 005 | 20181120163435.0 | ||
| 010 | _aENG-122320 | ||
| 020 |
_a9781474244213 _c699.00 |
||
| 035 | _aEN-105852 | ||
| 035 | _aB-683425-426 | ||
| 037 |
_bBSB _adpl |
||
| 082 | _a809 | ||
| 100 | _aLodge, David | ||
| 245 |
_aThe modes of modern writing : _cby David Lodge _bmetaphor, metonymy, and the typology of modern literature / |
||
| 260 |
_aNew Delhi _bBloomsbury _c2015 |
||
| 270 |
_a2nd Floor, Building No.4, DDA Complex LSC, Pocket-C-6&&, Vasant Kunj, _bNew Delhi _e110070 |
||
| 300 | v |
_axviii,348p. _c23cm(pbk) |
|
| 500 | _aIncludes index | ||
| 942 |
_2ddc _cEN _mLOD _h809 |
||